|
|
|
|
| LEADER |
00000cam a2200000 4500 |
| 001 |
vtls011844296 |
| 003 |
SK-MaSNL |
| 005 |
20260301184402.0 |
| 008 |
220107s2019 xr a ar 000 j slo |
| 015 |
|
|
|a SNBZSA2021/08
|
| 020 |
|
|
|a 9788025244852
|q (viazané)
|
| 035 |
|
|
|a urn:nbn:sk:snk-am00g376
|
| 035 |
|
|
|a urn:nbn:sk:snk-am3iyx8
|
| 035 |
|
|
|a E27C5FA0-CEDD-4528-A8C7-9688CFF5B5C3
|
| 040 |
|
|
|a SNK
|b slo
|c SNK
|e rda
|
| 041 |
1 |
|
|a slo
|h eng
|
| 044 |
|
|
|a xr
|c CZ
|
| 072 |
|
7 |
|a 821.111(73)-3
|x Americká próza
|2 konspekt
|
| 072 |
|
7 |
|a 82-93
|x Literatúra pre deti a mládež
|2 konspekt
|
| 080 |
|
|
|a 821.111(73)-34
|2 2011
|
| 080 |
|
|
|a (0.025.2)
|2 2011
|
| 080 |
|
|
|a 82-93-053.4/.5
|2 2011
|
| 100 |
1 |
|
|a Auerbach, Annie
|4 aut
|9 329578
|
| 240 |
1 |
0 |
|a Adventures in Puppy-Sitting
|l Slovensky
|
| 245 |
1 |
0 |
|a Trampoty so šteniatkom
|p Kamaráti havkáči
|c adapted by Annie Auerbach ; illustrated by the Disney Storybook Art Team
|
| 246 |
3 |
0 |
|a Kamaráti havkáči
|
| 250 |
|
|
|a Prvé vydanie
|
| 264 |
|
1 |
|a V Prahe
|b Egmont
|b Albatros Media a. s.
|c 2019
|
| 300 |
|
|
|a 31 nečíslovaných strán
|b farebné ilustrácie
|c 23 cm
|
| 336 |
|
|
|a text
|b txt
|2 rdacontent
|
| 336 |
|
|
|a statický obraz
|b sti
|2 rdacontent
|
| 337 |
|
|
|a bez média
|b n
|2 rdamedia
|
| 338 |
|
|
|a zväzok
|b nc
|2 rdacarrier
|
| 490 |
1 |
|
|a Disney Junior
|
| 500 |
|
|
|a Vydalo nakladateľstvo Egmont v spoločnosti Albatros Media a. s.
|
| 500 |
|
|
|a Preložené z angličtiny
|
| 521 |
8 |
|
|a Pre deti od 5 rokov
|
| 655 |
|
7 |
|a americké rozprávky
|2 SNKPH
|9 82283
|
| 655 |
|
7 |
|a ilustrované publikácie
|2 SNKPH
|9 109406
|
| 655 |
|
7 |
|a literatúra pre deti
|2 SNKPH
|9 87135
|
| 655 |
|
7 |
|a American fairy tales
|2 SNKPHeng
|9 311017
|
| 655 |
|
7 |
|a Illustrated publications
|2 SNKPHeng
|9 289635
|
| 655 |
|
7 |
|a Children's literature
|2 SNKPHeng
|9 276039
|
| 710 |
2 |
|
|a Disney Storybook Art Team
|4 ill
|9 337955
|
| 830 |
|
0 |
|a Disney Junior
|9 338797
|
| 919 |
|
|
|a 978-80-252-4485-2
|
| 958 |
|
|
|a ZS
|
| 958 |
|
|
|a LX
|
| 958 |
|
|
|a DB
|
| 958 |
|
|
|a UP
|
| 968 |
|
|
|b ENG
|
| 999 |
|
|
|c 860321
|d 862251
|
| 952 |
|
|
|a SNK
|b SNK
|y PREZ
|7 0
|p 17A1448618
|o snkSC 191930
|i snk2021/1305
|8 4
|g 6.24
|0 0
|1 0
|4 0
|d 2020-03-03
|f 1
|l 0
|r 2025-10-09 00:00:00
|w 2026-02-24
|